| 000 | 00756cab a2200229 4500 | ||
|---|---|---|---|
| 001 | ABS59138 | ||
| 008 | 090401t1998 xxu||||| |||| 00| 0 eng d | ||
| 035 | _a(Sirsi) u88111 | ||
| 041 | _aeng | ||
| 100 | _aBrewer, G. | ||
| 245 | _aWhen work appears to deviate from the plans | ||
| 260 | _c1998 | ||
| 350 | _a0 | ||
| 490 |
_aContract Journal _v394(6187) 5 August 1998, 17(1) |
||
| 520 | _aDiscusses "Norwest Holst Construction v Cooperative Wholesale Society" and how it affects the re-measurement of sub-contract works. | ||
| 650 | _aNORWEST HOLST CONSTRUCTION V COOPERATIVE WHOLESALE SOCIETY | ||
| 650 | _aREMEASUREMENT | ||
| 650 | _aSUBCONTRACTS | ||
| 690 | _aBUILT ENVIRONMENT-BUILDING CONTRACT FORMS | ||
| 942 | _n0 | ||
| 948 | _c25/08/1998 | ||
| 999 |
_c55652 _d55652 |
||